| 000 | 00939 a2200169 4500 | ||
|---|---|---|---|
| 003 | Nust | ||
| 005 | 20221208115307.0 | ||
| 040 | _cNust | ||
| 082 | _a621.382,MIC | ||
| 100 |
_aMitel Semiconductor _9104440 |
||
| 245 |
_aMicroelectronics Analog Communications Handbook / _cMitel Semiconductor |
||
| 260 |
_aCanada _bMitel Semiconductor _c1991 |
||
| 300 | _a372,various paging | ||
| 505 | _aGeneral Information (Page-1), Analog Switches (Page-2), DTMF Signals Components (Page-3), Line and Trunk Interface (Page-4), Modems and Support Components (Page-5), Custom Hybrids (Page-6), Digital Switching (Page-7), Primary Rate Interface (Page-8), Basic Rate Interface (Page-9), Rate Adaptors (Page-10), Codecs and Digital Phone Components (Page-11), Common Control Products (Page-12), Software (Page-13), Development /OEM Products (Page-14), Applications Notes (Page-15), | ||
| 650 |
_aTelecommunications engineering. _958485 |
||
| 942 |
_2ddc _cBK |
||
| 999 |
_c190650 _d190650 |
||